| 000 | 00505nam a22001457a 4500 | ||
|---|---|---|---|
| 020 | _a9505360657 | ||
| 080 | _a346.1 D 172 | ||
| 100 | _aDalla Via, Alberto Ricardo | ||
| 245 | _aTransformacion Economica y Seguridad Juridica | ||
| 260 |
_aLa Plata _bEditora Platense _c1994 |
||
| 300 | _a58 p. | ||
| 650 |
_xseguridad juridica _xeconomia _xinversion extranjera _xfuga de capitales _xdecretos de necesidad y urgencia _xactos de gobierno _xcorrupcion _xderecho economico |
||
| 942 | _6_ | ||
| 945 |
_asa _d2014-11-21 |
||
| 999 |
_c2758 _d233262 |
||